Statistieken voor Willekeurige Europese landen op een kaart

Klik hier om de quiz te nemen!

Algemene statistieken

  • Deze quiz is 8.759 keer genomen
  • De gemiddelde score is 13 van 15

Antwoorden op de kaart

Antwoorden kleurgecodeerd door een groen-rode schaal op de quizkaart volgens % correct hieronder.
 

Antwoordstatistieken

Land% Correct
Frankrijk
99%
Italië
99%
Noorwegen
99%
Spanje
99%
België
98%
Duitsland
98%
Nederland
98%
Finland
97%
Ierland
97%
Portugal
97%
Zweden
97%
Denemarken
96%
Polen
96%
Rusland
96%
Griekenland
95%
Luxemburg
95%
Oostenrijk
95%
Verenigd Koninkrijk
95%
Zwitserland
95%
Letland
94%
Estland
92%
IJsland
92%
Oekraïne
92%
Belarus
91%
Litouwen
90%
Kroatië
89%
Malta
89%
Tsjechië
88%
Vaticaanstad
87%
Andorra
86%
Monaco
85%
Roemenië
84%
Albanië
82%
Bulgarije
82%
Liechtenstein
82%
Bosnië en Herzegovina
81%
Hongarije
81%
San Marino
81%
Slowakije
81%
Slovenië
80%
Servië
77%
Kosovo
76%
Noord-Macedonië
76%
Moldavië
73%
Montenegro
72%

Scoreverdeling

Percentiel versus Aantal Correcte Antwoorden

Procent van Mensen met Elke Score

Uw Scoregeschiedenis

U heeft deze quiz nog niet genomen